One Piece par la lettre Z - Statistiques

Statistiques générales
  • Ce quiz a été pris 157 fois
  • Le résultat moyen est 7 sur 10
Statistiques - réponses
Indice Réponse % Correct
Ile des minks Zo
100%
Type de fruits du démon Zoan
95%
Tête de cactus Zoro
92%
Porte une île sur son dos Zunesh
86%
Hogback en a créé Zombie
80%
La jambe rouge Zeff
77%
Nuage Zeus
77%
Miss Doublefinger Zala
35%
Membre de la Franky Family Zambai
33%
Membre de l'équipage d'Hody Zeo
30%
Aucun quiz correspondant
Distribution des résultats
% des personnes avec chaque résultat
Percentile par nombre de réponses
Votre historique - résultats
Vous n’avez pas pris ce quiz